Catalog

Record Details

Catalog Search



Where rivers part : a story of my mother's life / ... Read More

Yang, Kao Kalia, 1980-(author,, narrator.).
Xiong, Pamela,(narrator.).

Available copies

  • 1 of 1 copy available at LARL/NWRL Consortium.
  • 1 of 1 copy available at Lake Agassiz Regional Library. (Show preferred library)

Current holds

0 current holds with 1 total copy.

Show Only Available Copies
Location Call Number / Copy Notes Barcode Shelving Location Status Due Date
Breckenridge Public Library CD TALKING BOOK 921 YAN (Text) 33500014025084 Main Available -

Record details

  • ISBN: 9781797171227
  • ISBN: 1797171224
  • ISBN: 9781797171234
  • ISBN: 1797171232
  • Physical Description: 10 audio discs (approximately 720 min.) ; 4 3/4 ... Read More
  • Edition: Unabridged.
  • Publisher: New York, NY : Simon & Schuster Audio, [2024]

Content descriptions

General Note:
Title from web page.
Participant or Performer Note:
Read by Pamela Xiong with the author.
Summary, etc.:
Born in 1961 in war-torn Laos, Tswb's childhood ... Read More
Subject: Yang, Kao Kalia, 1980- > Family.
Yang, Chue.
Hmong Americans > Minnesota > Biography.
Refugees > Minnesota > Biography.
Hmong (Asian people) > Laos > Biography.
Refugees > Laos > Biography.
Mothers and daughters > Minnesota.
Hmong (Asian people) > Social life and customs.
Yang, Bee, 1958-
Vietnam War, 1961-1975 > Refugees.
Vietnam War, 1961-1975 > Campaigns > Laos.
Vietnam War, 1961-1975 > Aerial operations, American.
Genre: Autobiographies.
Biographies.
Audiobooks.
LDR 04410cim a22008417i 4500
001441711
003LARL_NWRL_CONSORTIUM
00520240717152015.0
008240219s2024 nyunnnn m n eng d
007sd fsngnnmmned
040 . ‡aTEFMT ‡beng ‡erda ‡cTEFMT ‡dTEF ‡dTEFMT ‡dOCLCO ‡dBLACP
020 . ‡a9781797171227
020 . ‡a1797171224
020 . ‡a9781797171234
020 . ‡a1797171232
0243 . ‡a9781797171227
035 . ‡a(OCoLC)1422546617
037 . ‡bMidwest Tape ‡nhttp://www.midwesttapes.com
037 . ‡a30hog3 ‡bBlackstone Publishing
037 . ‡a10hog3 ‡bBlackstone Publishing
043 . ‡an-us--- ‡aa-ls--- ‡an-us-mn ‡aa-vt---
08204. ‡a959.704/33594092 ‡223/eng/20240226
1001 . ‡aYang, Kao Kalia, ‡d1980- ‡eauthor, ‡enarrator. ‡0(LARL_NWRL_CONSORTIUM)198323
24510. ‡aWhere rivers part : ‡ba story of my mother's life / ‡cKao Kalia Yang.
2463 . ‡aStory of my mother's life
250 . ‡aUnabridged.
264 1. ‡aNew York, NY : ‡bSimon & Schuster Audio, ‡c[2024]
300 . ‡a10 audio discs (approximately 720 min.) ; ‡c4 3/4 in.
306 . ‡a120000
336 . ‡aspoken word ‡bspw ‡2rdacontent
337 . ‡aaudio ‡bs ‡2rdamedia
338 . ‡aaudio disc ‡bsd ‡2rdacarrier
344 . ‡adigital ‡2rdatr
344 . ‡boptical ‡2rdarm
347 . ‡aaudio file ‡2rdaft
347 . ‡bCD audio
500 . ‡aTitle from web page.
5110 . ‡aRead by Pamela Xiong with the author.
520 . ‡aBorn in 1961 in war-torn Laos, Tswb's childhood was marked by the violence of America's Secret War and the CIA recruitment of the Hmong and other ethnic minorities into the lost cause. By the time Tswb was a teenager, the US had completely vacated Laos, and the country erupted into genocidal attacks on the Hmong people, who were labeled as traitors. Fearing for their lives, Tswb and her family left everything they knew behind and fled their village for the jungle. Perpetually on the run and on the brink of starvation, Tswb eventually crossed paths with the man who would become her future husband. Leaving her own mother behind, she joined his family at a refugee camp, a choice that would haunt her for the rest of her life. Eventually becoming a mother herself, Tswb raised her daughters in a state of constant fear and hunger until they were able to emigrate to the US, where the determined couple enrolled in high school even though they were both nearly thirty, and worked grueling jobs to provide for their children. Now, her daughter, Kao Kalia Yang, reveals her mother's astonishing saga with tenderness and unvarnished clarity, giving voice to the countless resilient refugees who are often overlooked as one of the essential foundations of this country.
60010. ‡aYang, Kao Kalia, ‡d1980- ‡xFamily.
60010. ‡aYang, Chue.
650 0. ‡aHmong Americans ‡zMinnesota ‡vBiography.
650 0. ‡aRefugees ‡zMinnesota ‡vBiography.
650 0. ‡aHmong (Asian people) ‡zLaos ‡vBiography.
650 0. ‡aRefugees ‡zLaos ‡vBiography.
650 0. ‡aMothers and daughters ‡zMinnesota.
650 0. ‡aHmong (Asian people) ‡xSocial life and customs.
60010. ‡aYang, Bee, ‡d1958-
650 0. ‡aVietnam War, 1961-1975 ‡xRefugees.
650 0. ‡aVietnam War, 1961-1975 ‡xCampaigns ‡zLaos. ‡0(LARL_NWRL_CONSORTIUM)42733
650 0. ‡aVietnam War, 1961-1975 ‡xAerial operations, American. ‡0(LARL_NWRL_CONSORTIUM)33940
655 7. ‡aAutobiographies. ‡2lcgft
655 7. ‡aBiographies. ‡2lcgft
655 7. ‡aAudiobooks. ‡2lcgft ‡0(LARL_NWRL_CONSORTIUM)175801
7001 . ‡aXiong, Pamela, ‡enarrator.
901 . ‡a441711 ‡bAUTOGEN ‡c441711 ‡tbiblio

Additional Resources